[Event "POR-ch U18"]
[Site "Luso"]
[Date "2017.04.11"]
[Round "6"]
[White "Carreira, Joao Andre Cortez"]
[Black "Pedroso, Pedro Dinis"]
[Result "1/2-1/2"]
[WhiteElo "1464"]
[BlackElo "1359"]
[PlyCount "109"]
[EventDate "2017.04.08"]
[EventType "swiss"]
[EventRounds "7"]
[EventCountry "POR"]
[SourceTitle "EXT 2018"]
[Source "ChessBase"]
[SourceDate "2017.10.13"]
[SourceVersion "1"]
[SourceVersionDate "2017.10.13"]
[SourceQuality "1"]

1. d4 d5 2. c4 e6 3. Nc3 Bb4 4. a3 Bxc3+ 5. bxc3 Nf6 6. Bg5 0-0 7. Nf3 Nbd7 8. e3 b6 9. cxd5 exd5 10. Bd3 Bb7 11. 0-0 Qe8 12. Qc2 h6 13. Bh4 Ne4 14. Nd2 Nxd2 15. Qxd2 Nf6 16. Qc2 Qd7 17. Bxf6 gxf6 18. Bf5 Qd6 19. Qe2 Bc8 20. Bd3 Be6 21. Qh5 Kg7 22. f4 f5 23. Rf3 Bd7 24. Bxf5 Bxf5 25. Qxf5 Rae8 26. Raf1 Re6 27. Rg3+ Rg6 28. Rxg6+ fxg6 29. Qe5+ Rf6 30. Qxd6 Rxd6 31. f5 Rc6 32. g4 Rxc3 33. f6+ Kf7 34. Rf3 Rxa3 35. h4 c5 36. dxc5 bxc5 37. g5 hxg5 38. hxg5 d4 39. Kf2 Ra2+ 40. Ke1 Rg2 41. exd4 cxd4 42. Rd3 Rxg5 43. Rxd4 Kxf6 44. Ra4 Re5+ 45. Kf2 Re7 46. Kf3 Kg5 47. Rg4+ Kh6 48. Rh4+ Kg7 49. Ra4 Rf7+ 50. Kg4 Kh7 51. Kh4 Kh6 52. Kg4 Kg7 53. Kh4 Kh7 54. Kg4 Kg7 55. Kh4 1/2-1/2

[Event "POR-ch U18"]
[Site "Luso"]
[Date "2017.04.10"]
[Round "4"]
[White "Pedroso, Pedro Dinis"]
[Black "Silva, Pedro MBA Andrade"]
[Result "0-1"]
[WhiteElo "1359"]
[BlackElo "1316"]
[PlyCount "68"]
[EventDate "2017.04.08"]
[EventType "swiss"]
[EventRounds "7"]
[EventCountry "POR"]
[SourceTitle "EXT 2018"]
[Source "ChessBase"]
[SourceDate "2017.10.13"]
[SourceVersion "1"]
[SourceVersionDate "2017.10.13"]
[SourceQuality "1"]

1. e4 e5 2. Nf3 Nc6 3. Bb5 a6 4. Ba4 f5 5. d3 d6 6. Nc3 Nf6 7. 0-0 Be7 8. Bb3 h6 9. h3 g5 10. Nh2 f4 11. f3 Nd4 12. Bc4 Bd7 13. a3 Qc8 14. Ng4 b5 15. Ba2 c6 16. Ne2 Nxe2+ 17. Qxe2 h5 18. Nxf6+ Bxf6 19. Bd2 g4 20. Be1 gxh3 21. gxh3 Bxh3 22. Rf2 Ra7 23. Rh2 Rg7+ 24. Kh1 Rh6 25. Bf2 Rhg6 26. Rg1 Rxg1+ 27. Bxg1 Bh4 28. Qd1 Bg3 29. Rd2 Qd8 30. Bh2 Bxh2 31. Rxh2 Qg5 32. Qe1 Bg2+ 33. Kg1 Bxf3+ 34. Kf2 Qg3+ 0-1

[Event "POR-ch U18"]
[Site "Luso"]
[Date "2017.04.08"]
[Round "1"]
[White "Ribeiro, Rafael A Figueiredo"]
[Black "Pedroso, Pedro Dinis"]
[Result "1-0"]
[WhiteElo "1697"]
[BlackElo "1359"]
[PlyCount "57"]
[EventDate "2017.04.08"]
[EventType "swiss"]
[EventRounds "7"]
[EventCountry "POR"]
[SourceTitle "EXT 2018"]
[Source "ChessBase"]
[SourceDate "2017.10.13"]
[SourceVersion "1"]
[SourceVersionDate "2017.10.13"]
[SourceQuality "1"]

1. Nf3 c5 2. b3 d5 3. Bb2 Nf6 4. e3 Nc6 5. Be2 e6 6. 0-0 Bd6 7. d4 cxd4 8. exd4 0-0 9. c4 b6 10. Nc3 Bb7 11. Nb5 Be7 12. Rc1 Rc8 13. Ne5 a6 14. Nc3 Qd6 15. Na4 Qd8 16. f4 Nxe5 17. fxe5 Nd7 18. cxd5 exd5 19. Rxc8 Bxc8 20. Bg4 b5 21. Nc3 Nb6 22. Bxc8 Qxc8 23. Qf3 Qe6 24. Ne2 f6 25. Nf4 Qf5 26. Nxd5 Qxf3 27. Nxe7+ Kf7 28. Rxf3 Kxe7 29. Ba3+ 1-0

[Event "POR-ch U18"]
[Site "Luso"]
[Date "2016.07.23"]
[Round "6"]
[White "Pedroso, Pedro Dinis"]
[Black "Peixoto, Joao Paulo"]
[Result "1/2-1/2"]
[WhiteElo "1369"]
[BlackElo "1271"]
[PlyCount "49"]
[EventDate "2016.07.20"]
[EventType "swiss"]
[EventRounds "7"]
[EventCountry "POR"]
[SourceTitle "EXT 2018"]
[Source "ChessBase"]
[SourceDate "2017.10.13"]
[SourceVersion "1"]
[SourceVersionDate "2017.10.13"]
[SourceQuality "1"]

1. e4 c5 2. Nf3 d6 3. d4 cxd4 4. Nxd4 Nf6 5. Nc3 g6 6. f3 Bg7 7. Be3 0-0 8. Qd2 Nc6 9. Bc4 a6 10. a3 Bd7 11. 0-0-0 Rc8 12. Nde2 Ne5 13. Bb3 Nc4 14. Bxc4 Rxc4 15. Bh6 Qb6 16. Bxg7 Kxg7 17. Nd4 Rfc8 18. g4 Qc7 19. h4 b5 20. Rh2 Qb8 21. Nb3 b4 22. axb4 Qxb4 23. Kb1 Ba4 24. Na2 Qb7 25. Na1 1/2-1/2

[Event "Gaia Profigaia op 9th"]
[Site "Vila Nova de Gaia"]
[Date "2016.06.27"]
[Round "6"]
[White "Furtado, Dinis"]
[Black "Pedroso, Pedro Dinis"]
[Result "0-1"]
[WhiteElo "1770"]
[BlackElo "1341"]
[PlyCount "120"]
[EventDate "2016.06.24"]
[EventType "swiss"]
[EventRounds "7"]
[EventCountry "POR"]
[SourceTitle "EXT 2018"]
[Source "ChessBase"]
[SourceDate "2017.10.13"]
[SourceVersion "1"]
[SourceVersionDate "2017.10.13"]
[SourceQuality "1"]

1. e4 c5 2. Nf3 e6 3. d4 cxd4 4. Nxd4 a6 5. c4 Qc7 6. Nc3 b6 7. Be3 Bb7 8. f3 Nf6 9. Bd3 d6 10. 0-0 Nc6 11. a3 Nxd4 12. Bxd4 e5 13. Be3 Be7 14. Na4 Nd7 15. b4 0-0 16. Rc1 Rfc8 17. Qd2 Qd8 18. Nc3 Nf6 19. Qf2 Nd7 20. Nd5 Bxd5 21. exd5 a5 22. f4 exf4 23. Bxf4 f6 24. Bf5 Rcb8 25. Be6+ Kh8 26. Qg3 Ne5 27. Bxe5 dxe5 28. b5 Ra7 29. Rf5 Qf8 30. Rh5 h6 31. Qg6 Bxa3 32. Rf1 Bc5+ 33. Kh1 Rbb7 34. g4 Qd8 35. Rh3 a4 36. g5 fxg5 37. Rhf3 a3 38. Qe4 Bd6 39. Ra1 Rc7 40. Ra2 Rcb7 41. Qg6 Bc5 42. Bf5 Qg8 43. d6 Rb8 44. d7 Rd8 45. Rh3 Rdxd7 46. Bxd7 Rxd7 47. Qc2 Qe6 48. Rd3 Rxd3 49. Qxd3 e4 50. Qe2 g4 51. Rd2 Kh7 52. Rd5 e3 53. Qd3+ Kg8 54. Rd8+ Kf7 55. Rd7+ Kf6 56. Qc3+ Qe5 57. Rf7+ Ke6 58. Qxe5+ Kxe5 59. Rxg7 a2 60. Ra7 e2 0-1

[Event "Gaia Profigaia op 9th"]
[Site "Vila Nova de Gaia"]
[Date "2016.06.25"]
[Round "2"]
[White "Oliveira, Maria Alice Ramos"]
[Black "Pedroso, Pedro Dinis"]
[Result "1-0"]
[WhiteElo "1759"]
[BlackElo "1341"]
[PlyCount "57"]
[EventDate "2016.06.24"]
[EventType "swiss"]
[EventRounds "7"]
[EventCountry "POR"]
[SourceTitle "EXT 2018"]
[Source "ChessBase"]
[SourceDate "2017.10.13"]
[SourceVersion "1"]
[SourceVersionDate "2017.10.13"]
[SourceQuality "1"]

1. e4 c5 2. Nf3 e6 3. d4 cxd4 4. Nxd4 a6 5. Be2 b5 6. f4 Bb7 7. Bf3 Qc7 8. 0-0 d6 9. a3 Nd7 10. Nc3 Ngf6 11. Kh1 Be7 12. Bd2 0-0 13. Qe2 Rfe8 14. Rae1 Rad8 15. g4 h6 16. g5 hxg5 17. fxg5 Nh7 18. g6 fxg6 19. Nxe6 Qb8 20. Nxd8 Bxd8 21. Qg2 Ne5 22. Bf4 g5 23. Bxe5 dxe5 24. Bh5 Re7 25. Bg6 Qd6 26. Bxh7+ Kxh7 27. Qxg5 Re6 28. Qf5+ Kh8 29. Rd1 1-0

[Event "POR-ch U16"]
[Site "Luso"]
[Date "2015.07.26"]
[Round "7"]
[White "Pedroso, Pedro Dinis"]
[Black "Antunes, Ricardo Miguel Mais"]
[Result "0-1"]
[WhiteElo "1380"]
[BlackElo "1385"]
[PlyCount "116"]
[EventDate "2015.07.22"]
[EventType "swiss"]
[EventRounds "7"]
[EventCountry "POR"]
[SourceTitle "EXT 2018"]
[Source "ChessBase"]
[SourceDate "2017.10.13"]
[SourceVersion "1"]
[SourceVersionDate "2017.10.13"]
[SourceQuality "1"]

1. e4 c5 2. Nf3 Nc6 3. d4 cxd4 4. Nxd4 g6 5. Nc3 Bg7 6. Be3 Nf6 7. f3 Qb6 8. b3 Nxe4 9. Nxe4 Bxd4 10. Bxd4 Qxd4 11. Qxd4 Nxd4 12. 0-0-0 Nc6 13. Bc4 d6 14. Rhe1 Be6 15. Bxe6 fxe6 16. Nc3 Kf7 17. f4 e5 18. fxe5 Nxe5 19. Nd5 Rac8 20. Kb2 Ke8 21. Nb4 Rf8 22. Rf1 Rxf1 23. Rxf1 e6 24. Re1 Ke7 25. Nd3 Nxd3+ 26. cxd3 Rf8 27. Re2 d5 28. Kc3 Kd6 29. d4 b6 30. Kd3 h5 31. h3 Rf5 32. Kd2 e5 33. dxe5+ Rxe5 34. Rf2 Rf5 35. Re2 Kc5 36. Kc3 Rg5 37. Kc2 Kd4 38. Kd2 Rg3 39. Kc2 Re3 40. Rd2+ Ke4 41. Rf2 d4 42. Rd2 d3+ 43. Kc3 Kf4 44. Rf2+ Kg3 45. Rd2 Re2 46. Rxd3+ Kxg2 47. a3 Rf2 48. Kd4 Rf3 49. Rxf3 Kxf3 50. Kd3 Kg3 51. Ke3 Kxh3 52. Kf2 g5 53. b4 g4 54. Kg1 h4 55. b5 Kg3 56. Kh1 Kf2 57. a4 g3 58. a5 g2+ 0-1

[Event "Madeira AEJ op 11th"]
[Site "Sao Joao da Madeira"]
[Date "2014.10.05"]
[Round "2"]
[White "Fonseca, Eurico Santos"]
[Black "Pedroso, Pedro Dinis"]
[Result "1/2-1/2"]
[WhiteElo "1478"]
[BlackElo "1350"]
[PlyCount "37"]
[EventDate "2014.10.04"]
[EventType "swiss"]
[EventRounds "7"]
[EventCountry "POR"]
[SourceTitle "EXT 2018"]
[Source "ChessBase"]
[SourceDate "2017.10.13"]
[SourceVersion "1"]
[SourceVersionDate "2017.10.13"]
[SourceQuality "1"]

1. e4 c5 2. Nf3 e6 3. d4 cxd4 4. Nxd4 a6 5. Nc3 b5 6. a3 Bb7 7. Be2 Qc7 8. Be3 Nf6 9. f3 Be7 10. Bf2 0-0 11. 0-0 d6 12. Qd2 Nbd7 13. Rfd1 Rac8 14. Rac1 Rfd8 15. Ncxb5 axb5 16. Nxb5 Qb8 17. Na7 Rc7 18. Nb5 Rc6 19. Na7 1/2-1/2

[Event "POR-ch U16"]
[Site "Luso"]
[Date "2014.07.26"]
[Round "6"]
[White "Tavares, Mariana Vidal"]
[Black "Pedroso, Pedro Dinis"]
[Result "0-1"]
[WhiteElo "1019"]
[BlackElo "1399"]
[PlyCount "66"]
[EventDate "2014.07.23"]
[EventType "swiss"]
[EventRounds "7"]
[EventCountry "POR"]
[SourceTitle "EXT 2015"]
[Source "ChessBase"]
[SourceDate "2014.11.20"]
[SourceVersion "1"]
[SourceVersionDate "2014.11.20"]
[SourceQuality "1"]

1. e4 c5 2. Bc4 a6 3. Nf3 b5 4. Bd5 Ra7 5. Ne5 e6 6. Qh5 Qe7 7. Nc3 Nf6 8. Qf3 exd5 9. Nxd5 Qxe5 10. Nxf6+ Qxf6 11. Qe3 d6 12. 0-0 Be7 13. c3 Nc6 14. a3 0-0 15. b4 Rd7 16. bxc5 dxc5 17. Rb1 Rfd8 18. Rd1 Rd3 19. Qe1 Qg6 20. f3 Ne5 21. Qf2 Rxf3 22. Qe1 Nd3 23. Qe2 Rf2 24. Qxf2 Nxf2 25. Kxf2 Qxe4 26. Bb2 h6 27. Re1 Qf4+ 28. Kg1 Bf5 29. Rbd1 Rxd2 30. Rxd2 Qxd2 31. Rxe7 Qxb2 32. Re8+ Kh7 33. Rb8 Qxa3 0-1

[Event "Gaia Profigaia op 7th"]
[Site "Vila Nova de Gaia"]
[Date "2014.07.02"]
[Round "7"]
[White "Pedroso, Pedro Dinis"]
[Black "Veiga, Jose Francisco RP"]
[Result "0-1"]
[WhiteElo "1399"]
[BlackElo "1680"]
[PlyCount "128"]
[EventDate "2014.06.28"]
[EventType "swiss"]
[EventRounds "9"]
[EventCountry "POR"]
[SourceTitle "CBM 161 Extra"]
[Source "ChessBase"]
[SourceDate "2014.08.29"]
[SourceVersion "1"]
[SourceVersionDate "2014.08.29"]
[SourceQuality "1"]

1. e4 c5 2. Nf3 g6 3. d4 Bg7 4. Nc3 cxd4 5. Nxd4 Nc6 6. Nxc6 bxc6 7. Bc4 d6 8. Be3 Nf6 9. f3 0-0 10. Qd2 Bd7 11. Bh6 Rb8 12. Bxg7 Kxg7 13. Bb3 c5 14. 0-0-0 Qb6 15. Qd3 Rfc8 16. Qc4 Be6 17. Nd5 Nxd5 18. exd5 Bd7 19. Qc3+ f6 20. Bc4 Qb4 21. Qb3 Ba4 22. Qxb4 cxb4 23. b3 Bb5 24. Bxb5 Rxb5 25. Rhe1 Kf7 26. Rd2 Rcc5 27. Red1 Rc3 28. Rd3 Rc8 29. R1d2 a5 30. Re3 Ra8 31. Kb2 a4 32. Rde2 Rb7 33. c3 bxc3+ 34. Rxc3 Ra5 35. Rd2 Rbb5 36. Rcd3 a3+ 37. Kb1 Rc5 38. b4 Rab5 39. Rxa3 Rxb4+ 40. Rb3 Rbc4 41. Kb2 Ra4 42. a3 Raa5 43. Rbd3 Rab5+ 44. Ka2 f5 45. f4 Rc1 46. g3 Rcc5 47. h3 Rc1 48. Rb3 Ra1+ 49. Kb2 Rb1+ 50. Kxb1 Rxb3+ 51. Ka2 Rxg3 52. a4 Rc3 53. Rd4 Ke8 54. a5 Rc5 55. Ra4 Kd7 56. a6 Rc8 57. Rb4 Rc7 58. Rb7 Rxb7 59. axb7 Kc7 60. Kb3 Kxb7 61. h4 Kb6 62. Kc4 Ka5 63. Kc3 Kb5 64. Kd4 Kb4 0-1

[Event "Gaia Profigaia op 7th"]
[Site "Vila Nova de Gaia"]
[Date "2014.07.01"]
[Round "6"]
[White "Silva, Leonildo"]
[Black "Pedroso, Pedro Dinis"]
[Result "1/2-1/2"]
[WhiteElo "1594"]
[BlackElo "1399"]
[PlyCount "88"]
[EventDate "2014.06.28"]
[EventType "swiss"]
[EventRounds "9"]
[EventCountry "POR"]
[SourceTitle "CBM 161 Extra"]
[Source "ChessBase"]
[SourceDate "2014.08.29"]
[SourceVersion "1"]
[SourceVersionDate "2014.08.29"]
[SourceQuality "1"]

1. e4 c5 2. Nf3 e6 3. d4 cxd4 4. Nxd4 a6 5. Bc4 b5 6. Bb3 Qb6 7. Be3 Bc5 8. Qd3 Nc6 9. c3 Nf6 10. f3 0-0 11. Bc2 e5 12. Nf5 Bxe3 13. Qxe3 Qxe3+ 14. Nxe3 Rd8 15. Nd2 d5 16. exd5 Nxd5 17. Nxd5 Rxd5 18. Be4 Rd6 19. 0-0-0 Bb7 20. Nb3 Rxd1+ 21. Rxd1 Nd8 22. Nc5 Bxe4 23. Nxe4 Ne6 24. g3 Rd8 25. Rxd8+ Nxd8 26. Nc5 a5 27. Nb3 Nb7 28. Nd2 Nd6 29. Kc2 f5 30. Kd3 Kf7 31. Nb3 Nc4 32. Kc2 Ke6 33. a4 bxa4 34. Nc5+ Kd5 35. Nxa4 e4 36. fxe4+ fxe4 37. b3 Ne3+ 38. Kd2 Nf1+ 39. Ke2 Nxh2 40. Nb6+ Kc5 41. Na4+ Kd5 42. Nb6+ Kc5 43. Na4+ Kd5 44. Nb6+ Kc5 1/2-1/2

[Event "Gaia Profigaia op 7th"]
[Site "Vila Nova de Gaia"]
[Date "2014.06.29"]
[Round "4"]
[White "Pedroso, Pedro Dinis"]
[Black "Antao, Jorge"]
[Result "0-1"]
[WhiteElo "1399"]
[BlackElo "1843"]
[PlyCount "76"]
[EventDate "2014.06.28"]
[EventType "swiss"]
[EventRounds "9"]
[EventCountry "POR"]
[SourceTitle "CBM 161 Extra"]
[Source "ChessBase"]
[SourceDate "2014.08.29"]
[SourceVersion "1"]
[SourceVersionDate "2014.08.29"]
[SourceQuality "1"]

1. e4 d5 2. exd5 Nf6 3. d4 Nxd5 4. Bc4 c6 5. Nf3 Bg4 6. a3 Nd7 7. 0-0 e6 8. Nc3 Bd6 9. h3 Bh5 10. Nxd5 cxd5 11. Bb3 Rc8 12. Be3 Bb8 13. Rc1 Qc7 14. g3 b5 15. Kg2 0-0 16. c3 a5 17. Qd2 Qb7 18. Ba2 Nb6 19. b3 e5 20. Ng1 e4 21. Ne2 Bf3+ 22. Kg1 Bd6 23. b4 a4 24. Bf4 Bxe2 25. Qxe2 Bxf4 26. gxf4 Nc4 27. Bxc4 Rxc4 28. Rc2 Rfc8 29. Rfc1 R8c6 30. Kh2 Qc7 31. Qe3 Rf6 32. Kg3 g5 33. Kg2 Rxf4 34. Qg3 h6 35. Qe3 Rf3 36. Qe2 Qc8 37. Kf1 Qxh3+ 38. Ke1 e3 0-1

[Event "Gaia Profigaia op 6th"]
[Site "Vila Nova de Gaia"]
[Date "2013.07.06"]
[Round "1.11"]
[White "Pereira, Antonio Pedro Caram"]
[Black "Pedroso, Pedro Dinis"]
[Result "1-0"]
[WhiteElo "2110"]
[BlackElo "1456"]
[PlyCount "81"]
[EventDate "2013.07.06"]
[EventType "swiss"]
[EventRounds "9"]
[EventCountry "POR"]
[SourceTitle "EXT 2015"]
[Source "ChessBase"]
[SourceDate "2014.11.20"]
[SourceVersion "1"]
[SourceVersionDate "2014.11.20"]
[SourceQuality "1"]

1. Nf3 c5 2. c4 Nf6 3. Nc3 Nc6 4. g3 g6 5. Bg2 Bg7 6. 0-0 0-0 7. a3 a6 8. Rb1 Rb8 9. b4 d6 10. bxc5 dxc5 11. d3 Nd7 12. Qc2 Re8 13. Bf4 e5 14. Bg5 Qa5 15. Nd5 b5 16. Bd2 Qd8 17. cxb5 Rxb5 18. Rxb5 axb5 19. Qb3 Ba6 20. Rc1 Na5 21. Qa2 e4 22. dxe4 Rxe4 23. Ng5 Rxe2 24. Bxa5 Qxg5 25. Qxe2 Qxc1+ 26. Be1 Nf6 27. h4 h5 28. Nxf6+ Bxf6 29. Kh2 Kg7 30. Bd5 Bc8 31. Qe8 Be6 32. Bxe6 fxe6 33. Qd7+ Kf8 34. Bd2 Qxa3 35. Bh6+ Bg7 36. Bxg7+ Kg8 37. Bf6 Kf8 38. Qe7+ Kg8 39. Qe8+ Kh7 40. Qf7+ Kh6 41. Bg5# 1-0